| 000 | 00666nam a2200253Ia 4500 | ||
|---|---|---|---|
| 008 | 170711s9999 xx 000 0 und d | ||
| 020 | _a9786214041152 | ||
| 050 | _a153.35 | ||
| 050 | _bC957 2008 | ||
| 100 | _aCruz-Jayme, Merlee | ||
| 245 | _aEveryone can be creative : | ||
| 245 | _binspiring habits from an ex-nun / | ||
| 245 | _cby Merlee Cruz-Jayme. | ||
| 260 | _aMandaluyong, Philippines : | ||
| 260 | _bSummit Publishing Co., Inc., | ||
| 260 | _c2016 | ||
| 300 | _a93 pages : | ||
| 300 | _billustrations ; | ||
| 300 | _c17cm. | ||
| 650 | _aCreative ability. | ||
| 650 | _aSelf-actualization -- | ||
| 650 | _xSuccess. | ||
| 700 | _aTitle. | ||
| 999 |
_c340008 _d340008 |
||